Größte Städte Afrikas - Extrem - Statistiken

Allgemein
  • Dieses Quiz wurde 138 mal gespielt
  • Das Durchschnittsergebnis liegt bei 49 aus 76
Antwortstatistiken
Einwohner Land Stadt % Korrekt
4.25 Mio. Algerien Algier
100%
22.5 Mio. Ägypten Kairo
100%
6.60 Mio. Ghana Accra
99%
6.20 Mio. Ägypten Alexandria
99%
14.6 Mio. Südafrika Johannesburg
99%
15.6 Mio. Kongo (Dem. Rep.) Kinshasa
99%
6.70 Mio. Kenia Nairobi
99%
4.725 Mio. Äthiopien Addis Abeba
98%
4.775 Mio. Marokko Casablanca
98%
4.975 Mio. Südafrika Kapstadt
98%
20.7 Mio. Nigeria Lagos
98%
2.70 Mio. Tunesien Tunis
98%
3.925 Mio. Senegal Dakar
97%
9.35 Mio. Angola Luanda
97%
2.15 Mio. Marokko Rabat
97%
7.05 Mio. Sudan Khartum
96%
6.25 Mio. Tansania Daressalam
94%
3.825 Mio. Kamerun Jaunde
93%
2.55 Mio. Togo Lomé
92%
1.82 Mio. Libyen Tripolis
92%
5.45 Mio. Mali Bamako
91%
2.40 Mio. Kongo (Rep.) Brazzaville
90%
4.125 Mio. Uganda Kampala
90%
2.175 Mio. Somalia Mogadischu
90%
2.90 Mio. Nigeria Abuja
89%
3.05 Mio. Madagaskar Antananarivo
88%
1.38 Mio. Sierra Leone Freetown
87%
1.89 Mio. Ruanda Kigali
87%
1.48 Mio. Niger Niamey
87%
2.325 Mio. Sambia Lusaka
86%
2.525 Mio. Mosambik Maputo
86%
1.87 Mio. Liberia Monrovia
86%
3.85 Mio. Südafrika Durban
84%
1.05 Mio. Eritrea Asmara
83%
2.875 Mio. Guinea Conakry
83%
2.625 Mio. Simbabwe Harare
83%
3.30 Mio. Burkina Faso Ouagadougou
83%
6.80 Mio. Elfenbeinküste Abidjan
81%
1.62 Mio. ZAR Bangui
81%
1.12 Mio. Gambia Banjul
80%
1.88 Mio. Tschad N’Djamena
80%
1.40 Mio. Mauretanien Nouakchott
80%
1.17 Mio. Malawi Lilongwe
77%
1.17 Mio. Marokko Marrakesch
76%
1.34 Mio. Kenia Mombasa
70%
1.35 Mio. Marokko Fès
69%
5.20 Mio. Nigeria Kano
67%
3.775 Mio. Kamerun Douala
60%
3.325 Mio. Nigeria Ibadan
56%
1.19 Mio. Südafrika Port Elizabeth
56%
1.22 Mio. Marokko Tanger
56%
2.075 Mio. Benin Cotonou
55%
1.60 Mio. Algerien Oran
51%
2.875 Mio. Ghana Kumasi
50%
2.20 Mio. Nigeria Port Harcourt
50%
1.75 Mio. Nigeria Benin City
49%
2.75 Mio. Kongo (Dem. Rep.) Lubumbashi
30%
1.93 Mio. Nigeria Kaduna
29%
1.31 Mio. Marokko Agadir
24%
1.25 Mio. Nigeria Aba
23%
1.39 Mio. Angola Benguela
23%
1.26 Mio. Kongo (Dem. Rep.) Kisangani
17%
1.02 Mio. Nigeria Zaria
16%
2.425 Mio. Kongo (Dem. Rep.) Mbuji-Mayi
15%
1.18 Mio. Kongo (Rep.) Pointe-Noire
15%
1.15 Mio. Tunesien Sousse
15%
1.20 Mio. Nigeria Onitsha
14%
1.33 Mio. Kongo (Dem. Rep.) Kananga
13%
1.06 Mio. Kongo (Dem. Rep.) Bukavu
9%
1.07 Mio. Burkina Faso Bobo-Dioulasso
7%
1.09 Mio. Nigeria Jos
7%
1.06 Mio. Tansania Mwanza
7%
1.20 Mio. Senegal Touba
7%
1.16 Mio. Nigeria Maiduguri
6%
1.13 Mio. Nigeria Ilorin
5%
1.10 Mio. Nigeria Sokoto
5%
Keine übereinstimmenden Quizze gefunden
Verteilung der Resultate
Anzahl Personen mit jedem Resultat
Perzentil nach korrekt beantworteten Fragen
Ihre Resultats-Entwicklung
Sie haben dieses Quiz noch nicht gespielt